000 01644cam a2200409 a 4500
001 EDZ0000159418
003 StDuBDS
005 20161031105239.0
006 m||||||||d||||||||
007 cr |||||||||||
008 130912s2005 cau fo| 001|0|eng|d
020 _a9781483328584 (ebook) :
_cNo price
040 _aStDuBDS
_beng
_cStDuBDS
_epn
049 _aAlfaisal Main Library
050 0 _aHQ809.3.U5
_bC87 2005
082 0 4 _a362.8292
_223
245 0 0 _aCurrent controversies on family violence
_h[electronic resource] /
_ceditors, Donileen R. Loseke, Richard J. Gelles, and Mary M. Cavanaugh.
250 _a2nd ed.
260 _aThousand Oaks, Calif. :
_bSAGE,
_c2005.
300 _a1 online resource (xix, 376 p.)
500 _aPrevious ed.: 1993.
504 _aIncludes bibliographical references and index.
520 8 _aNow in its second edition, 'Current Controversies on Family Violence' highlights the most current controversies, research and policy directions in the family violence issue.
521 _aSpecialized.
588 _aDescription based on print version record.
650 0 _aFamily violence
_zUnited States.
650 0 _aVictims of family violence
_zUnited States.
650 0 _aFamily violence
_zUnited States
_xPrevention.
655 7 _aElectronic books.
_2local
700 1 _aLoseke, Donileen R.,
_d1947-
700 1 _aGelles, Richard J.
700 1 _aCavanaugh, Mary M.
710 2 _aSage eBooks
776 0 8 _iPrint version :
_z9780761921059
856 4 0 _uhttp://ezproxy.alfaisal.edu/login?url=http://sk.sagepub.com/books/current-controversies-on-family-violence
942 _2lcc
_cEBOOKS
999 _c482616
_d482616